[Event "Titled Tuesday intern op 12th Mar Early"]
[Site "Chess.com INT"]
[Date "2024.03.12"]
[Round "1"]
[White "Korley, Kassa"]
[Black "Willy, Stephen"]
[Result "0-1"]
[WhiteElo "2428"]
[BlackElo "1994"]
[PlyCount "118"]
[EventDate "2024.03.12"]
[EventType "swiss (blitz)"]
[EventRounds "11"]
[EventCountry "USA"]
[SourceTitle "CB12_2024"]
[SourceDate "2023.10.01"]
[SourceVersion "1"]
[SourceVersionDate "2023.10.01"]
[SourceQuality "1"]

1. d4 e6 2. c4 Bb4+ 3. Nd2 c5 4. a3 Bxd2+ 5. Qxd2 cxd4 6. Qxd4 Nf6 7. Nf3 Nc6 8. Qc3 0-0 9. Bg5 Qe7 10. e3 d6 11. Be2 e5 12. Nd2 h6 13. Bh4 Re8 14. Rd1 Nd4 15. Bxf6 Nxe2 16. Bxe7 Nxc3 17. Rc1 Na2 18. Ra1 Rxe7 19. Rxa2 Be6 20. Ra1 Rc7 21. b3 d5 22. cxd5 Bxd5 23. 0-0 Rc2 24. Rfd1 Rac8 25. h4 Rb2 26. Rab1 Ra2 27. Nc4 Bxc4 28. bxc4 b6 29. Rd5 f6 30. c5 Rxc5 31. Rxc5 bxc5 32. Rb8+ Kh7 33. Rc8 Rxa3 34. Rxc5 Kg6 35. g4 h5 36. g5 fxg5 37. hxg5 Kxg5 38. Rxe5+ Kh6 39. Re6+ g6 40. Kg2 Ra2 41. Kg3 a5 42. f4 Kg7 43. Ra6 Ra3 44. Kf3 Kf7 45. Ke4 h4 46. Kf3 h3 47. Ra8 Ra2 48. Rh8 h2 49. Kg3 a4 50. e4 a3 51. e5 Rb2 52. Rh7+ Ke6 53. Ra7 h1Q 54. Ra6+ Ke7 55. Ra7+ Kd8 56. Ra6 Qg2+ 57. Kh4 Rb3 58. Rd6+ Kc7 59. Rd4 Rh3# 0-1

[Event "New York 1000 GM Winter GM-A"]
[Site "New York"]
[Date "2024.01.15"]
[Round "8"]
[White "Korley, Kassa"]
[Black "Schitco, Ivan"]
[Result "0-1"]
[WhiteElo "2442"]
[BlackElo "2521"]
[PlyCount "122"]
[EventDate "2024.01.11"]
[EventType "tourn"]
[EventRounds "9"]
[EventCountry "USA"]
[EventCategory "8"]
[SourceTitle "CB04_2024"]
[SourceDate "2023.10.16"]
[SourceVersion "1"]
[SourceVersionDate "2023.10.16"]
[SourceQuality "1"]

1. d4 d6 2. Nf3 Nf6 3. c4 g6 4. Nc3 Bg7 5. e4 0-0 6. Be2 e5 7. d5 a5 8. Be3 Ng4 9. Bg5 f6 10. Bh4 Nh6 11. Nd2 g5 12. Bg3 Na6 13. h3 Nc5 14. Nb3 b6 15. Bh2 f5 16. Nxc5 bxc5 17. g4 fxg4 18. hxg4 Nf7 19. Qd2 Nh8 20. Nd1 Rf4 21. f3 Ng6 22. Ne3 Nh4 23. Rf1 h5 24. gxh5 Bh3 25. 0-0-0 Qe7 26. Bg3 Kh7 27. Rh1 Bd7 28. Rdf1 Raf8 29. Qxa5 Bc8 30. Bxh4 gxh4 31. Ng2 Bh6 32. Kb1 Rg8 33. Nxf4 Bxf4 34. Rfg1 Rxg1+ 35. Rxg1 h3 36. Qe1 h2 37. Rh1 Qg5 38. a4 Qg2 39. a5 Kh6 40. Ka2 Kxh5 41. Bd1 Ba6 42. Be2 Kg5 43. Kb3 Bc8 44. Ka2 Qg3 45. Qd1 Qf2 46. Bd3 Kh4 47. Bc2 Ba6 48. Bd3 Kg3 49. Be2 Be3 50. f4 Qg1 51. Rxg1+ hxg1Q 52. Qxg1+ Bxg1 53. f5 Be3 54. b3 Kf4 55. f6 Kxe4 56. Bg4 Kd3 57. Bd7 e4 58. Bb5 Bc8 59. a6 Bxa6 60. Bxa6 Bh6 61. Bc8 e3 0-1

[Event "New York 1000 GM Winter GM-A"]
[Site "New York"]
[Date "2024.01.12"]
[Round "2"]
[White "Korley, Kassa"]
[Black "Ostrovskiy, Aleksandr A"]
[Result "1/2-1/2"]
[WhiteElo "2442"]
[BlackElo "2399"]
[PlyCount "70"]
[EventDate "2024.01.11"]
[EventType "tourn"]
[EventRounds "9"]
[EventCountry "USA"]
[EventCategory "8"]
[SourceTitle "CB04_2024"]
[SourceDate "2023.10.16"]
[SourceVersion "1"]
[SourceVersionDate "2023.10.16"]
[SourceQuality "1"]

1. d4 Nf6 2. c4 e6 3. Nc3 Bb4 4. a3 Bxc3+ 5. bxc3 d6 6. f3 c5 7. e4 Nc6 8. Be3 b6 9. Bd3 e5 10. Ne2 Qe7 11. 0-0 h6 12. Kh1 Bb7 13. a4 Na5 14. Ng3 g6 15. f4 exd4 16. cxd4 Nxe4 17. d5 Nxg3+ 18. hxg3 0-0-0 19. Bd2 Rhe8 20. Qc2 f5 21. Rfe1 Qf7 22. g4 Rxe1+ 23. Rxe1 Re8 24. Rxe8+ Qxe8 25. gxf5 gxf5 26. Bxf5+ Kb8 27. Bd3 Bc8 28. Kg1 Bd7 29. Qb2 Kc7 30. f5 Qh5 31. Qb1 Qg4 32. Qf1 Qd4+ 33. Kh2 Qh4+ 34. Kg1 Qd4+ 35. Kh2 Qh4+ 1/2-1/2

[Event "Charlotte CCCSA Fall GM-B"]
[Site "Charlotte"]
[Date "2023.11.20"]
[Round "7"]
[White "Korley, Kassa"]
[Black "Shmeliov, Denis"]
[Result "0-1"]
[WhiteElo "2457"]
[BlackElo "2397"]
[PlyCount "110"]
[EventDate "2023.11.17"]
[EventType "tourn"]
[EventRounds "9"]
[EventCountry "USA"]
[EventCategory "8"]
[SourceTitle "CB48_2023"]
[SourceDate "2023.11.29"]
[SourceVersion "1"]
[SourceVersionDate "2023.11.29"]
[SourceQuality "1"]

1. e4 c5 2. Nf3 d6 3. d4 cxd4 4. Nxd4 Nf6 5. Nc3 Nc6 6. Bg5 e6 7. f3 h6 8. Be3 d5 9. Bb5 Bd7 10. exd5 exd5 11. Bf2 Be7 12. 0-0 0-0 13. Nde2 Be6 14. Nf4 Bd6 15. Nxe6 fxe6 16. Re1 Qc7 17. g3 Rae8 18. Bf1 a6 19. Bh3 Qf7 20. Qe2 e5 21. Rad1 Kh8 22. Bg2 d4 23. Ne4 Bb4 24. Rf1 Nxe4 25. Qxe4 Qxa2 26. b3 Qa5 27. Bh3 Qc7 28. Bf5 Ne7 29. Be6 Nc8 30. Bg4 Nd6 31. Qg6 Rf6 32. Qd3 Ref8 33. h4 Bc3 34. h5 b5 35. Qe2 Qc5 36. Kh2 a5 37. Be1 Nf5 38. Bxf5 Rxf5 39. g4 R5f7 40. Bg3 Re8 41. Qe4 a4 42. bxa4 bxa4 43. f4 a3 44. f5 a2 45. f6 Rxf6 46. Rxf6 gxf6 47. Bh4 Qe7 48. Qg6 Rf8 49. Rf1 Qg7 50. Bxf6 Rxf6 51. Qe8+ Kh7 52. Rxf6 Qxf6 53. Qd7+ Kg8 54. Qc8+ Qf8 55. Qe6+ Qf7 0-1

[Event "Skanderborg Smuk"]
[Site "Skanderborg"]
[Date "2023.08.19"]
[Round "8"]
[White "Nagy, Gabor"]
[Black "Korley, Kassa"]
[Result "1/2-1/2"]
[WhiteElo "2452"]
[BlackElo "2447"]
[PlyCount "134"]
[EventDate "2023.08.12"]
[EventType "tourn"]
[EventRounds "9"]
[EventCountry "DEN"]
[EventCategory "8"]
[SourceTitle "CBM 215 Extra"]
[Source "ChessBase"]
[SourceDate "2023.09.30"]
[SourceVersion "1"]
[SourceVersionDate "2023.09.30"]
[SourceQuality "1"]

1. d4 Nf6 2. Nf3 e6 3. c4 c5 4. Nc3 cxd4 5. Nxd4 d5 6. cxd5 Nxd5 7. Bd2 Be7 8. e3 0-0 9. Be2 Nf6 10. Qc2 Nd5 11. Qd1 Nf6 12. Qc2 Bd7 13. Bf3 Qc8 14. Rc1 Nc6 15. Nxc6 Bxc6 16. Ne4 Nxe4 17. Bxe4 Bxe4 18. Qxe4 Qd7 19. Bc3 Rfd8 20. 0-0 Bf8 21. g3 h5 22. Qf3 Qd5 23. Qxd5 Rxd5 24. Rfd1 Rxd1+ 25. Rxd1 b5 26. Rd7 f6 27. Rb7 a6 28. Kg2 Bc5 29. Rc7 Bf8 30. a3 e5 31. Kf3 Rb8 32. Ba5 b4 33. a4 b3 34. Rc6 Ba3 35. Bc3 a5 36. bxa3 b2 37. Bxb2 Rxb2 38. Rc5 Ra2 39. Rxa5 Kf7 40. Rb5 Rxa3 41. a5 Ra4 42. h3 g5 43. g4 hxg4+ 44. hxg4 Kg6 45. e4 Ra2 46. Ke3 Ra3+ 47. Kd2 Rf3 48. a6 Rxf2+ 49. Kc3 Ra2 50. Rb6 Kf7 51. Rb7+ Ke6 52. a7 Kd6 53. Kc4 Kc6 54. Rf7 Ra4+ 55. Kb3 Ra1 56. Kb4 Rb1+ 57. Kc3 Ra1 58. Rxf6+ Kc5 59. Rf7 Ra3+ 60. Kb2 Ra6 61. Rd7 Kc4 62. Kc2 Ra2+ 63. Kb1 Ra3 64. Kb2 Ra6 65. Kc2 Ra2+ 66. Kb1 Ra3 67. Kb2 Ra6 1/2-1/2

[Event "Skanderborg Smuk+"]
[Site "Skanderborg"]
[Date "2023.08.16"]
[Round "5"]
[White "Pedersen, Nicolai Vesterbaek"]
[Black "Korley, Kassa"]
[Result "0-1"]
[WhiteElo "2360"]
[BlackElo "2447"]
[PlyCount "94"]
[EventDate "2023.08.12"]
[EventType "tourn"]
[EventRounds "9"]
[EventCountry "DEN"]
[EventCategory "8"]
[SourceTitle "CBM 215 Extra"]
[Source "ChessBase"]
[SourceDate "2023.09.30"]
[SourceVersion "1"]
[SourceVersionDate "2023.09.30"]
[SourceQuality "1"]

1. e4 c5 2. Nf3 d6 3. d4 cxd4 4. Nxd4 Nf6 5. Nc3 g6 6. Be3 Bg7 7. f3 Nc6 8. Qd2 0-0 9. 0-0-0 d5 10. exd5 Nxd5 11. Nxc6 bxc6 12. Bd4 e5 13. Bc5 Be6 14. Ne4 Re8 15. h4 h6 16. h5 g5 17. g4 Qc7 18. Bc4 Red8 19. Qe1 f5 20. gxf5 Bxf5 21. Rh2 Be6 22. Rhd2 Qf7 23. Qf1 Qxh5 24. Bb3 Re8 25. Qa6 Qxf3 26. Nd6 Nf6 27. Rf2 Qg4 28. Nxe8 Rxe8 29. Qxc6 Bxb3 30. Rxf6 Rc8 31. Qf3 Qxf3 32. Rxf3 Bxc2 33. Kxc2 Rxc5+ 34. Rc3 Bf8 35. b4 Rb5 36. a3 Rb7 37. Rc8 Kg7 38. Re8 Be7 39. Rd5 h5 40. Rxe5 Bf6 41. Rc5 h4 42. Kd3 Kf7 43. Rec8 h3 44. R8c7+ Rxc7 45. Rxc7+ Kg6 46. Ke4 g4 47. Kf4 g3 0-1

[Event "Skanderborg Smuk"]
[Site "Skanderborg"]
[Date "2023.08.12"]
[Round "1"]
[White "Rozentalis, Eduardas"]
[Black "Korley, Kassa"]
[Result "1/2-1/2"]
[WhiteElo "2490"]
[BlackElo "2447"]
[PlyCount "118"]
[EventDate "2023.08.12"]
[EventType "tourn"]
[EventRounds "9"]
[EventCountry "DEN"]
[EventCategory "8"]
[SourceTitle "CBM 215 Extra"]
[Source "ChessBase"]
[SourceDate "2023.09.30"]
[SourceVersion "1"]
[SourceVersionDate "2023.09.30"]
[SourceQuality "1"]

1. e4 e6 2. d4 d5 3. Nd2 c5 4. exd5 Qxd5 5. Ngf3 cxd4 6. Bc4 Qd6 7. Qe2 Nf6 8. Nb3 Nc6 9. Bg5 h6 10. Bxf6 gxf6 11. 0-0-0 Bg7 12. Nbxd4 Qf4+ 13. Kb1 0-0 14. Nxc6 bxc6 15. Rhe1 Rb8 16. c3 c5 17. Bd3 Bb7 18. Be4 f5 19. Bxb7 Rxb7 20. g3 Rxb2+ 21. Qxb2 Qxf3 22. Rc1 Rd8 23. Re3 Qd5 24. Ka1 c4 25. f4 a5 26. Ree1 a4 27. a3 Qa8 28. Qb4 Rb8 29. Qxc4 Rb3 30. Re2 Qa5 31. Rec2 Rxa3+ 32. Kb1 h5 33. Ra2 Qb6+ 34. Rb2 Qe3 35. Ra2 Rb3+ 36. Rb2 Ra3 37. Ra2 Rxa2 38. Qxa2 Bxc3 39. Qc2 Bf6 40. Qxa4 Qb6+ 41. Kc2 Qf2+ 42. Kd3 Qf3+ 43. Kd2 Qg2+ 44. Ke3 Qxh2 45. Qa8+ Kg7 46. Qf3 Qa2 47. Rh1 Be7 48. Rxh5 Bc5+ 49. Kd3 Qa6+ 50. Kc2 Qa2+ 51. Kd3 Bb4 52. Rh7+ Kf6 53. Rh6+ Kg7 54. Rh7+ Kxh7 55. Qh5+ Kg8 56. Qg5+ Kh7 57. Qh5+ Kg7 58. Qg5+ Kf8 59. Qd8+ Kg7 1/2-1/2

[Event "Charlotte Super op"]
[Site "Charlotte"]
[Date "2023.07.11"]
[Round "5"]
[White "Korley, Kassa"]
[Black "Gutla, Aryan"]
[Result "1/2-1/2"]
[WhiteElo "2459"]
[BlackElo "2315"]
[PlyCount "32"]
[EventDate "2023.07.09"]
[EventType "swiss"]
[EventRounds "9"]
[EventCountry "USA"]
[SourceTitle "CBM 215 Extra"]
[Source "ChessBase"]
[SourceDate "2023.09.30"]
[SourceVersion "1"]
[SourceVersionDate "2023.09.30"]
[SourceQuality "1"]

1. c4 Nf6 2. Nf3 g6 3. Nc3 d5 4. cxd5 Nxd5 5. e4 Nxc3 6. dxc3 Qxd1+ 7. Kxd1 Nd7 8. Bf4 c6 9. Kc2 f6 10. Nd2 e5 11. Be3 Bc5 12. Bxc5 Nxc5 13. b4 Na4 14. Bc4 Ke7 15. Bb3 Nb6 16. Nc4 Nxc4 1/2-1/2

[Event "CAN Transnational Classic"]
[Site "Montreal"]
[Date "2023.06.09"]
[Round "5"]
[White "Bruzon Batista, Lazaro"]
[Black "Korley, Kassa"]
[Result "1/2-1/2"]
[WhiteElo "2617"]
[BlackElo "2461"]
[PlyCount "47"]
[EventDate "2023.06.06"]
[EventType "swiss"]
[EventRounds "9"]
[EventCountry "CAN"]
[SourceTitle "CBM 214 Extra"]
[Source "ChessBase"]
[SourceDate "2023.07.31"]
[SourceVersion "1"]
[SourceVersionDate "2023.07.31"]
[SourceQuality "1"]

1. d4 e6 2. Nf3 d5 3. c4 c5 4. cxd5 exd5 5. Nc3 Nc6 6. a3 Nf6 7. Bg5 cxd4 8. Nxd4 Bc5 9. e3 0-0 10. Nxc6 bxc6 11. Be2 Rb8 12. 0-0 Bd6 13. Qc2 Be5 14. Na4 Qc7 15. Bxf6 Bxf6 16. Rac1 a5 17. Bd3 h5 18. Bh7+ Kh8 19. Bf5 Be5 20. Bxc8 Rfxc8 21. g3 g6 22. Qe2 Qb7 23. Qf3 Kg7 24. Qd1 1/2-1/2

[Event "New York Spring GM-A"]
[Site "New York"]
[Date "2023.04.06"]
[Round "2.1"]
[White "Ostrovskiy, Aleksandr A"]
[Black "Korley, Kassa"]
[Result "1/2-1/2"]
[WhiteElo "2394"]
[BlackElo "2468"]
[PlyCount "58"]
[EventDate "2023.04.05"]
[EventType "team-tourn"]
[EventRounds "9"]
[EventCountry "USA"]
[SourceTitle "CBM 213 Extra"]
[Source "ChessBase"]
[SourceDate "2023.05.31"]
[SourceVersion "1"]
[SourceVersionDate "2023.05.31"]
[SourceQuality "1"]
[WhiteTeam "Team 2"]
[BlackTeam "Team 4"]
[WhiteTeamCountry "USA"]
[BlackTeamCountry "USA"]

1. e4 e5 2. Nf3 Nf6 3. d4 Nxe4 4. Bd3 d5 5. Nxe5 Nd7 6. Nxd7 Bxd7 7. 0-0 Bd6 8. Nc3 Nxc3 9. bxc3 h5 10. Rb1 b6 11. c4 Qh4 12. g3 Qxd4 13. Bb2 Qg4 14. Re1+ Kf8 15. Be2 Qg6 16. Qxd5 c6 17. Qd4 Bf5 18. Bd3 Bxd3 19. cxd3 Kg8 20. Qe4 Qxe4 21. Rxe4 Rd8 22. Bc3 Bf8 23. d4 Rh6 24. a4 Re6 25. Rxe6 fxe6 26. Kg2 Be7 27. a5 bxa5 28. Rb7 Bf6 29. Rxa7 c5 1/2-1/2

[Event "New York Spring GM-A"]
[Site "New York"]
[Date "2023.04.05"]
[Round "1.1"]
[White "Chasin, Nico Werner"]
[Black "Korley, Kassa"]
[Result "1-0"]
[WhiteElo "2442"]
[BlackElo "2468"]
[PlyCount "135"]
[EventDate "2023.04.05"]
[EventType "team-tourn"]
[EventRounds "9"]
[EventCountry "USA"]
[SourceTitle "CBM 213 Extra"]
[Source "ChessBase"]
[SourceDate "2023.05.31"]
[SourceVersion "1"]
[SourceVersionDate "2023.05.31"]
[SourceQuality "1"]
[WhiteTeam "Team 3"]
[BlackTeam "Team 4"]
[WhiteTeamCountry "USA"]
[BlackTeamCountry "USA"]

1. e4 c6 2. Nc3 d5 3. Nf3 Bg4 4. h3 Bxf3 5. Qxf3 e6 6. g3 g6 7. Bg2 Bg7 8. 0-0 Nf6 9. d4 dxe4 10. Qe3 0-0 11. Rd1 Nbd7 12. Nxe4 Nxe4 13. Qxe4 Nf6 14. Qf3 a5 15. c4 Qe7 16. Be3 Rfd8 17. Rac1 Rd7 18. Qe2 Qf8 19. Rd3 Bh6 20. f4 Bg7 21. Bf3 h5 22. Kg2 Rad8 23. Rcd1 Ne8 24. d5 exd5 25. Bb6 d4 26. Bxd8 Rxd8 27. f5 gxf5 28. Bxh5 Nd6 29. b3 Re8 30. Qd2 a4 31. Re1 Re6 32. Rf1 Qe7 33. c5 Ne4 34. Qf4 Qxc5 35. Qb8+ Bf8 36. Rdf3 Nd6 37. Qd8 Re2+ 38. R3f2 Rxf2+ 39. Rxf2 axb3 40. axb3 Qd5+ 41. Bf3 Qxb3 42. Qg5+ Kh7 43. Qh4+ Kg8 44. Qxd4 Qe6 45. Re2 Qg6 46. h4 Qg7 47. Qf4 Qh6 48. Qe5 Qg7 49. Qf4 Qh6 50. Qd4 Qg7 51. Qd2 Qf6 52. Qb4 Kg7 53. Qf4 Qh6 54. Qa4 Qf6 55. Kh3 Nb5 56. Rd2 Bd6 57. Rd3 Qg6 58. Qa1+ Kh7 59. Be2 Qe6 60. Qd1 Qe5 61. Qd2 Nd4 62. Bh5 Kg7 63. Qg5+ Kf8 64. Qh6+ Kg8 65. Re3 Qc5 66. Re8+ Bf8 67. Qg5+ Kh7 68. Bxf7 1-0

[Event "Reykjavik op"]
[Site "Reykjavik"]
[Date "2023.03.31"]
[Round "4"]
[White "Korley, Kassa"]
[Black "Hommer, Jeremy"]
[Result "1-0"]
[WhiteElo "2468"]
[BlackElo "2251"]
[PlyCount "69"]
[EventDate "2023.03.29"]
[EventType "swiss"]
[EventRounds "9"]
[EventCountry "ISL"]
[SourceTitle "CBM 213 Extra"]
[Source "ChessBase"]
[SourceDate "2023.05.31"]
[SourceVersion "1"]
[SourceVersionDate "2023.05.31"]
[SourceQuality "1"]

1. Nf3 Nf6 2. g3 e6 3. Bg2 d5 4. 0-0 Be7 5. d4 0-0 6. b3 b6 7. c4 Bb7 8. cxd5 Bxd5 9. Bb2 Nbd7 10. Nc3 Bb7 11. Qc2 c5 12. Rad1 Qc8 13. e4 cxd4 14. Nxd4 Rd8 15. Ndb5 Qc6 16. Nd4 Qc5 17. Qe2 a6 18. Rc1 Qa5 19. Rfd1 Rac8 20. e5 Nd5 21. Nxd5 Bxd5 22. Bxd5 Rxc1 23. Rxc1 Qxd5 24. Nc6 Re8 25. Nxe7+ Rxe7 26. Rc8+ Nf8 27. Ba3 Qd7 28. Qxa6 Re8 29. Rxe8 Qxe8 30. Qxb6 h5 31. h4 Ng6 32. Bd6 Kh7 33. Qb7 Qd8 34. Qxf7 Qa5 35. Qf3 1-0

[Event "Charlotte CCCSA Fall GM-B"]
[Site "Charlotte"]
[Date "2022.11.18"]
[Round "2"]
[White "Korley, Kassa"]
[Black "Woodward, Andy"]
[Result "1/2-1/2"]
[WhiteElo "2451"]
[BlackElo "2447"]
[PlyCount "26"]
[EventDate "2022.11.18"]
[EventType "tourn"]
[EventRounds "9"]
[EventCountry "USA"]
[EventCategory "8"]
[SourceTitle "CBM 211 Extra"]
[Source "ChessBase"]
[SourceDate "2023.01.31"]
[SourceVersion "1"]
[SourceVersionDate "2023.01.31"]
[SourceQuality "1"]

1. Nf3 Nf6 2. b3 g6 3. Bb2 Bg7 4. g3 b6 5. Bg2 Bb7 6. 0-0 0-0 7. c4 c5 8. d4 cxd4 9. Qxd4 d5 10. cxd5 Qxd5 11. Qxd5 Nxd5 12. Bxg7 Kxg7 13. Rc1 Nd7 1/2-1/2

[Event "New York Fall GM-A"]
[Site "Long Island City"]
[Date "2022.11.12"]
[Round "6"]
[White "Korley, Kassa"]
[Black "Kevlishvili, Robby"]
[Result "1/2-1/2"]
[WhiteElo "2451"]
[BlackElo "2536"]
[PlyCount "33"]
[EventDate "2022.11.09"]
[EventType "tourn"]
[EventRounds "9"]
[EventCountry "USA"]
[SourceTitle "CBM 211 Extra"]
[Source "ChessBase"]
[SourceDate "2023.01.31"]
[SourceVersion "1"]
[SourceVersionDate "2023.01.31"]
[SourceQuality "1"]

1. Nf3 d5 2. g3 Bg4 3. Bg2 Nd7 4. 0-0 c6 5. d3 e6 6. h3 Bh5 7. c4 Bxf3 8. Bxf3 dxc4 9. d4 Ngf6 10. Nd2 Nb6 11. e3 Bb4 12. Qc2 Bxd2 13. Bxd2 0-0 14. Ba5 Re8 15. Rfd1 Nfd7 16. a4 Qg5 17. Bxb6 1/2-1/2